ZWIERZĘTA na literę J - Statystyki

Ogólne statystyki
  • Ten quiz został rozwiązany 178 razy
  • Średni wynik to 7 z 11
Statystyki odpowiedzi
Obrazkowy Odpowiedź % Poprawnych
Jeleń szlachetny
99%
Jeż zachodni
97%
Jaguar amerykański
95%
Jeżozwierz afrykański
88%
Jastrząb zwyczajny
87%
Jesiotr zachodni
66%
Jenot azjatycki
57%
Jemiołuszka zwyczajna
39%
Jerzyk zwyczajny
36%
Jer
15%
Jamraj pręgowany
12%
Nie znaleziono quizów pasujących do podanych kryteriów
Rozkład punktacji
Procent ludzi z każdym wynikiem
Percentyl według liczby udzielonych odpowiedzi
Twoja historia wyników
Nie rozwiązałeś tego quizu